Symptómy, príčiny a identifikácia krízy v podniku

Definovanie krízy podniku. Trojuholník podnikových ťažkostí. Symptómy nastupujúcej krízy z externého a interného prostredia. Identifikácia krízy. Prístupy k identifikácii krízových stavov. Intenzita krízy a jej prejavy.

Enregistré dans:
Détails bibliographiques
Auteur principal: Neumannová, Anna
Format: Chapitre de livre
Langue:slovaque
Sujets:
Tags: Ajouter un tag
Pas de tags, Soyez le premier à ajouter un tag!

MARC

LEADER 00000naa$a2200000$$$4500
001 0037058
005 20240502071454.6
041 0 |a slo 
044 |a SK 
245 1 0 |a Symptómy, príčiny a identifikácia krízy v podniku  |c Anna Neumannová 
520 |a Definovanie krízy podniku. Trojuholník podnikových ťažkostí. Symptómy nastupujúcej krízy z externého a interného prostredia. Identifikácia krízy. Prístupy k identifikácii krízových stavov. Intenzita krízy a jej prejavy. 
610 2 0 |a diagnostika podniková 
610 2 0 |a kríza podniku 
610 2 0 |a cyklus podniku životný 
610 2 0 |a trh 
610 2 0 |a výrobky 
610 2 0 |a manažment 
610 2 0 |a kontrola 
610 2 0 |a prostredie ekonomické 
100 1 |a Neumannová, Anna